000 00968nmm a2200289 a 4500
001 ocm0002347675
003 TR-IsHL
005 20201028185151.0
008 190904s2018 tu tur
007 cr cn
020 _a9786059898799
035 _a2347675
_b(N$T)
050 0 4 _aPL248.T385
_bG8 2018
090 0 4 _aPL248.T385
_bG8 2018
100 1 _aTaşkıran, Emre
245 1 0 _aGüçlen ve geri dön
_h[electronic resource] /
_cEmre Taşkıran ; yayına hazırlayan Yavuz Selim Pınarbaşı ; editör Onur Taşkıran
250 _a1. Baskı
260 _aİstanbul :
_bPatriot Yayınları,
_c2018
300 _a104 p.
650 4 _aDil ve Edebiyat
650 4 _aLanguage and Literature
650 0 _aTürk romanı
650 0 _aTurkish fiction
650 7 _aLITERARY COLLECTIONS / Middle Eastern
_2bisacsh
700 1 _aTaşkıran, Onur
856 4 0 _uhttp://search.ebscohost.com/login.aspx?direct=true&scope=site&db=e011xww&AN=2347675
999 _c21340
_d21340